000 01343cam a2200301 a 4500
999 _c3732
_d3732
001 3033034
003 Nust
005 20180117090012.0
008 950413s1996 nyua b 001 0 eng
010 _a 95016947
020 _a0070571155
040 _aDLC
_cDLC
_dDLC
050 0 0 _aHD30.22
_b.S247 1996
082 0 0 _a338.5/024658
_220
100 1 _aSalvatore, Dominick.
245 1 0 _aManagerial economics in a global economy /
_cDominick Salvatore.
250 _a3rd ed.
260 _aNew York :
_bMcGraw-Hill,
_cc1996.
300 _axxx, iii, 723 p. :
_bill. (some col.) ;
_c24 cm.
504 _aIncludes bibliographical references and indexes.
650 0 _aManagerial economics.
906 _a7
_bcbc
_corignew
_d1
_eocip
_f19
_gy-gencatlg
942 _2ddc
_cBK